=LDR 00000nam 2200000 4500 =001 INLIS000000000023786 =005 20130612122421 =008 ***********************************Ind** =035 ##$$0010-061300000023786 =041 ##$$a Ind =082 ##$$a 646.407 =090 ##$$a 646.407, Sup t =100 ##$$a Suparni =245 ##$$a Tata busana, Pakaian seragam remaja PKK untuk SMP, Suparni =260 ##$$a 1989 $b Solo =300 ##$$a 123 hlm, ilus, 21 cm =650 ##$$a Tata busana - pendidikan =850 ##$$a NBPNMAT